La banca de desarrollo en América Latina (Registro nro. 129373)
[ vista simple ]
| 000 -CABECERA | |
|---|---|
| campo de control de longitud fija | 01199nam a2200313Ia 4500 |
| 001 - NÚMERO DE CONTROL | |
| campo de control | 129373 |
| 003 - IDENTIFICADOR DEL NÚMERO DE CONTROL | |
| campo de control | 220793 |
| 005 - FECHA Y HORA DE LA ÚLTIMA TRANSACCIÓN | |
| campo de control | 20241106113359.0 |
| 008 - DATOS DE LONGITUD FIJA--INFORMACIÓN GENERAL | |
| campo de control de longitud fija | ||||||n9999 ||| || || |
| 082 ## - NÚMERO DE LA CLASIFICACIÓN DECIMAL DEWEY | |
| Número de clasificación | 3321098 |
| 100 ## - ENTRADA PRINCIPAL--NOMBRE DE PERSONA | |
| Nombre de persona | Araujo, Victor Leonardo de |
| 9 (RLIN) | 155902 |
| 245 #0 - MENCIÓN DE TÍTULO | |
| Título | La banca de desarrollo en América Latina |
| Resto del título | luces y sombras en la industrialización de la región |
| Mención de responsabilidad, etc. | Victor Leonardo de Araujo ... [et al.] ; compilación de Marcelo Rougier |
| 504 ## - NOTA DE BIBLIOGRAFÍA, ETC. | |
| Nota de bibliografía, etc. | Incluye bibliografías. |
| 562 ## - NOTA DE IDENTIFICACIÓN DE LA COPIA Y VERSIÓN | |
| Número de copias | 2 |
| 526 ## - NOTA DE INFORMACIÓN SOBRE EL PROGRAMA DE ESTUDIO | |
| Nombre del programa | 4969 - ESPECIALIZACIÓN EN ADMINISTRACIÓN PÚBLICA CONTEMPORÁNEA - Presencial |
| 526 ## - NOTA DE INFORMACIÓN SOBRE EL PROGRAMA DE ESTUDIO | |
| Nombre del programa | 51868 - ADMINISTRACIÓN PÚBLICA - Presencial |
| 526 ## - NOTA DE INFORMACIÓN SOBRE EL PROGRAMA DE ESTUDIO | |
| Nombre del programa | 1697 - ADMINISTRACIÓN PÚBLICA TERRITORIAL - A distancia |
| 650 ## - PUNTO DE ACCESO ADICIONAL DE MATERIA--TÉRMINO DE MATERIA | |
| Término de materia o nombre geográfico como elemento de entrada | BANCOS DE DESARROLLO--AMERICA LATINA |
| 9 (RLIN) | 155903 |
| 650 ## - PUNTO DE ACCESO ADICIONAL DE MATERIA--TÉRMINO DE MATERIA | |
| Término de materia o nombre geográfico como elemento de entrada | BANCOS DE DESARROLLO--AMERICA LATINA--ESTUDIO DE CASOS |
| 9 (RLIN) | 155904 |
| 650 ## - PUNTO DE ACCESO ADICIONAL DE MATERIA--TÉRMINO DE MATERIA | |
| Término de materia o nombre geográfico como elemento de entrada | BANCOS DE DESARROLLO--ARGENTINA |
| 9 (RLIN) | 155905 |
| 650 ## - PUNTO DE ACCESO ADICIONAL DE MATERIA--TÉRMINO DE MATERIA | |
| Término de materia o nombre geográfico como elemento de entrada | BANCOS DE DESARROLLO--BRASIL |
| 9 (RLIN) | 155906 |
| 650 ## - PUNTO DE ACCESO ADICIONAL DE MATERIA--TÉRMINO DE MATERIA | |
| Término de materia o nombre geográfico como elemento de entrada | BANCOS DE DESARROLLO--CHILE--1939-1970 |
| 9 (RLIN) | 155907 |
| 650 ## - PUNTO DE ACCESO ADICIONAL DE MATERIA--TÉRMINO DE MATERIA | |
| Término de materia o nombre geográfico como elemento de entrada | BANCOS DE DESARROLLO--COLOMBIA--1940-1964 |
| 9 (RLIN) | 155908 |
| 650 #0 - PUNTO DE ACCESO ADICIONAL DE MATERIA--TÉRMINO DE MATERIA | |
| Término de materia o nombre geográfico como elemento de entrada | Bancos de desarrollo --historia--América Latina |
| 9 (RLIN) | 155909 |
| 650 ## - PUNTO DE ACCESO ADICIONAL DE MATERIA--TÉRMINO DE MATERIA | |
| Término de materia o nombre geográfico como elemento de entrada | BANCOS DE DESARROLLO--MEXICO--1940-1982 |
| 9 (RLIN) | 155910 |
| 650 ## - PUNTO DE ACCESO ADICIONAL DE MATERIA--TÉRMINO DE MATERIA | |
| Término de materia o nombre geográfico como elemento de entrada | INDUSTRIALIZACION--AMERICA LATINA |
| 9 (RLIN) | 155911 |
| 942 ## - ELEMENTOS DE PUNTO DE ACCESO ADICIONAL (KOHA) | |
| Tipo de ítem Koha | Libro |
| Estado de retiro | Estado de pérdida | Estado dañado | No para préstamo | Código de colección | Localización permanente | Ubicación/localización actual | Coste, precio normal de compra | Total de préstamos | Signatura topográfica completa | Código de barras | Fecha visto por última vez | Número de copia | Tipo de ítem Koha |
|---|---|---|---|---|---|---|---|---|---|---|---|---|---|
| General | Bogotá - Sede Central | Bogotá - Sede Central | 0.00 | 332.1098 B15 | 121862 | 22/02/2026 | 1 | Libro | |||||
| General | Bogotá - Sede Central | Bogotá - Sede Central | 0.00 | 332.1098 B15 e2 | 121863 | 22/02/2026 | 2 | Libro |

